header

Multiplier convergent series (Record no. 106261)

MARC details
000 -LEADER
fixed length control field 01191nam a2200313Ia 4500
100 1# - MAIN ENTRY--AUTHOR NAME
Personal name Swartz, Charles,
245 10 - TITLE STATEMENT
Title Multiplier convergent series
260 ## - PUBLICATION, DISTRIBUTION, ETC. (IMPRINT)
Place of publication Singapore ;
-- Hackensack, NJ :
Name of publisher World Scientific,
Year of publication 2009.
300 ## - PHYSICAL DESCRIPTION
Number of Pages x, 253 p.
650 #0 - SUBJECT ADDED ENTRY--TOPICAL TERM
Topical Term Convergence.
Topical Term Multipliers (Mathematical analysis)
Topical Term Orlicz spaces.
Topical Term Series, Arithmetic.
856 40 - ELECTRONIC LOCATION AND ACCESS
Uniform Resource Identifier http://site.ebrary.com/lib/rucke/Doc?id=10361610

No items available.

© 2026 Rongo University
Contact us: librarian | system librarian | Rongo university